=LDR 00000nam 2200000 4500 =001 INLIS000000000003598 =005 20130612091912 =008 ***********************************Ind** =035 ##$$0010-061300000003598 =041 ##$$a Ind =082 ##$$a 615.852 =090 ##$$a 615.852, Pro s =100 ##$$a Proto, Louis =245 ##$$a Self healing, menggunakan kekuatan pikiran untuk menyembuhkan tubuh, Louis Proto; alih bahasa, T. Hermaya =260 ##$$a 1997 $b Jakarta =300 ##$$a xxvi, 288 hlm., ilus., 20 cm =650 ##$$a Terapi spiritual =700 ##$$a Hermaya, T =850 ##$$a NBPNMAT